<?xml version="1.0" encoding="UTF-8"?><?xml-stylesheet type="text/xsl" href="static/style.xsl"?><OAI-PMH xmlns="http://www.openarchives.org/OAI/2.0/" xmlns:xsi="http://www.w3.org/2001/XMLSchema-instance" xsi:schemaLocation="http://www.openarchives.org/OAI/2.0/ http://www.openarchives.org/OAI/2.0/OAI-PMH.xsd"><responseDate>2026-04-17T07:52:27Z</responseDate><request verb="GetRecord" identifier="oai:www.recercat.cat:10230/16129" metadataPrefix="marc">https://recercat.cat/oai/request</request><GetRecord><record><header><identifier>oai:recercat.cat:10230/16129</identifier><datestamp>2025-12-23T20:53:03Z</datestamp><setSpec>com_2072_6</setSpec><setSpec>col_2072_452954</setSpec></header><metadata><record xmlns="http://www.loc.gov/MARC21/slim" xmlns:dcterms="http://purl.org/dc/terms/" xmlns:xsi="http://www.w3.org/2001/XMLSchema-instance" xmlns:doc="http://www.lyncode.com/xoai" xsi:schemaLocation="http://www.loc.gov/MARC21/slim http://www.loc.gov/standards/marcxml/schema/MARC21slim.xsd">
   <leader>00925njm 22002777a 4500</leader>
   <datafield ind2=" " ind1=" " tag="042">
      <subfield code="a">dc</subfield>
   </datafield>
   <datafield ind2=" " ind1=" " tag="720">
      <subfield code="a">Güell Torres, Pau</subfield>
      <subfield code="e">author</subfield>
   </datafield>
   <datafield ind2=" " ind1=" " tag="720">
      <subfield code="a">Lubián Martínez, Maite</subfield>
      <subfield code="e">author</subfield>
   </datafield>
   <datafield ind2=" " ind1=" " tag="720">
      <subfield code="a">Mengual Solè, Marc</subfield>
      <subfield code="e">author</subfield>
   </datafield>
   <datafield ind2=" " ind1=" " tag="720">
      <subfield code="a">Ortíz Lázaro, Carlos</subfield>
      <subfield code="e">author</subfield>
   </datafield>
   <datafield ind2=" " ind1=" " tag="260">
      <subfield code="c">2012-07-11T02:16:08Z</subfield>
   </datafield>
   <datafield ind2=" " ind1=" " tag="260">
      <subfield code="c">2012-07-11T02:16:08Z</subfield>
   </datafield>
   <datafield ind2=" " ind1=" " tag="260">
      <subfield code="c">2012-01-19</subfield>
   </datafield>
   <datafield ind2=" " ind1=" " tag="260">
      <subfield code="c">2012-07-10T07:27:38Z</subfield>
   </datafield>
   <datafield ind2=" " ind1=" " tag="520">
      <subfield code="a">El nostre projecte consisteix en l’anàlisi econòmic de les polítiques públiques de gestió de residus exclusivament municipals. Pretenem, mitjançant l’anàlisi d’un municipi representatiu com és Sant Cugat, dissenyar un sistema de reciclatge -adaptat a aquesta localitat en concret- que sigui el més eficaç possible, incrementant les quantitats recollides i controlant els costos tot i tenint en compte les preferències dels propis usuaris.Amb això, pretenem cercar la fórmula més exacta possible, adaptable a cada tipus de municipi (edificació vertical o horitzontal, extensió, densitat de població, etc.), per tal que els nivells de reciclatge del nostre país arribin a ser equiparables als europeus, avui encara molt llunyans.Tot i que valorem molts sistemes de reciclatge ja existents, ens centrem prioritàriament en l’estudi del Porta A Porta (PAP), el qual creiem el més adequat per a Sant Cugat després d’haver analitzat estadísticament el que opinen els ciutadans mitjançant unes enquestes, així com dades oficials de poblacions on ja hi està implementat.No obstant això, després d’haver comprovat que la satisfacció real dels usuaris del PAP a Vilassar de Mar, on hi funciona des de 2003, no és la que seria d’esperar, hem reflexionat sobre les causes i les solucions possibles a aquests problemes, de manera que ho puguem evitar de cara a crear el sistema per a la població objecte del nostre treball.</subfield>
   </datafield>
   <datafield tag="653" ind2=" " ind1=" ">
      <subfield code="a">Residus</subfield>
   </datafield>
   <datafield tag="653" ind2=" " ind1=" ">
      <subfield code="a">33 - Economia</subfield>
   </datafield>
   <datafield ind2="0" ind1="0" tag="245">
      <subfield code="a">Residus reciclables o deixalles terminals?</subfield>
   </datafield>
</record></metadata></record></GetRecord></OAI-PMH>